| 000 | 01128cam a2200229 4500 | ||
|---|---|---|---|
| 001 | ABS64328 | ||
| 008 | 010911n2001 000 0 eng u | ||
| 035 | _a(Sirsi) u114515 | ||
| 100 | _aKay, P | ||
| 245 | _aEngaging the supply chain in R&D | ||
| 260 | _c2001 | ||
| 490 |
_aContract Journal _v410(6340) 15 August 2001, 14-15(2) |
||
| 520 | _aA report on the research and development carried out by Taylor Woodrow in order to help benefit its construction and property business. Taylor Woodrow aims to engage the whole supply chain and own the total lifecycle of building projects in order to explore the process fully. Taylor Woodrow is part of the European Network of Construction Companies for Research and Development (ENCORD); ENCORD aims to increase the profile of R&D in the construction industry. | ||
| 590 | _aABS | ||
| 650 | _aRESEARCH AND DEVELOPMENT | ||
| 650 | _aEUROPEAN NETWORK OF CONSTRUCTION COMPANIES FOR RESEARCH AND DEVELOPMENT | ||
| 650 | _aLIFE CYCLE ANALYSIS | ||
| 650 | _aTAYLOR WOODROW | ||
| 650 | _aSUPPLY CHAIN MANAGEMENT | ||
| 690 | _aBUILDING AND CONSTRUCTION-MANAGEMENT | ||
| 942 | _n0 | ||
| 999 |
_c68223 _d68223 |
||